Vývoj reklamného trhu na Slovensku diplomová práca

Na minha lista:
Detalhes bibliográficos
Autor principal: Seyfertová, Ivona
Autor Corporativo: Obchodná fakulta EU. Katedra marketingu
Outros Autores: Labská, Helena
Formato: Livro
Idioma:eslovaco
Publicado em: Bratislava 2010
Tags: Adicionar Tag
Sem tags, seja o primeiro a adicionar uma tag!

MARC

LEADER 00000nam$a2200000$$$4500
001 0121913
005 20240318123908.6
041 0 |a slo 
044 |a SK 
245 1 0 |a Vývoj reklamného trhu na Slovensku  |b diplomová práca  |c Ivona Seyfertová ; škol. Helena Labská 
264 1 |a Bratislava  |c 2010 
300 |a 83 s. 
100 1 |a Seyfertová, Ivona 
700 1 |a Labská, Helena 
710 2 |a Obchodná fakulta EU. Katedra marketingu